000 00440cam a2200169 4500
001 D12153
008 090401t1899 xxu||||| |||| 00| 0 eng d
035 _a(Sirsi) u1458
041 _aeng
100 _aBligh, W. G.
245 _aNotes on instruments best suited for engineering field work in India and the Colonies
260 _aLondon
_bE & F N Spon
_c1899
350 _a0
520 _aShelf 176
942 _n0
948 _c04/03/1997
999 _c85672
_d85672